| 000 | 00546nam a2200181Ia 4500 | ||
|---|---|---|---|
| 008 | 151202s9999||||xx |||||||||||||| ||und|| | ||
| 082 | _bPNVM-62349 | ||
| 100 | _aलागू चिंतामणी. | ||
| 245 | _aकोहरा. | ||
| 260 | _b"दिलीपराज प्रकाशन, पुणे." | ||
| 260 | _c62349 | ||
| 300 | _a176 | ||
| 600 | _aलागू चिंतामणी. | ||
| 630 | _aकोहरा. | ||
| 700 | _aलागू चिंतामणी. | ||
| 730 | _aकोहरा. | ||
| 942 | _cBOOK | ||
| 999 |
_c1328883 _d1328880 |
||